000
00230nam a2200097Ia 4500
001
767691
005
20250826165404.0
008
250824s9999 xx 000 0 und d
245
0
_a
250 YÜZ
_c
SENAİ DEMİRCİ
260
_b
İLTEK A.Ş.
999
_c
767691
_d
767691